00628 2200217 4500001002100000005001500021035002000036007000300056008004100059020002200100082001000122084001600132100003100148245010300179250001000282260005600292300002500348650001700373990001000390990001000400INLIS00000000000038220170927105838 a0010-0917000368ta170927 f 1 ind  a978-979-98849-8-5 a297.2 a297.2 ABD s0 aAbdul Hakim bin Amir Abdat1 aSyarah Aqidah Salaf :bMaktabah Mu'awiyah Bin Abi Sufyan /cAbu Unaisah Abdul Hakim Bin Amir Abdat acet.1 aJakarta :bMaktabah Mu'awiyah Bin Abi Sufyan,c2016 a967hlm ;c17 x 24 cm aAqidah Islam a6019a a6019b